Personnages de fiction qui portent un masque - Statistiques

Statistiques générales
  • Ce quiz a été pris 100 fois
  • Le résultat moyen est 13 sur 28
Statistiques - réponses
Par images Réponse % Correct
Batman
100%
Spider-Man
100%
Zorro
100%
Dark Vador
99%
Deadpool
91%
Donatello
76%
Fantômas
65%
Kakashi Hatake
61%
Kylo Ren
61%
Hannibal Lecter
58%
Le Mandalorien
55%
Boba Fett
53%
Maskass
47%
Tobi
45%
Sniperking
44%
Ichigo Kurosaki
37%
Jason Voorhees
35%
Ken Kaneki
24%
Capitaine Phasma
23%
Sub-Zero
23%
Michael Myers
22%
Mistgun
17%
Stanley Ipkiss
16%
Twice
16%
Sans-Visage
13%
Skull Kid
13%
Iguru Obanai
11%
Immortan Joe
4%
Aucun quiz correspondant
Distribution des résultats
% des personnes avec chaque résultat
Percentile par nombre de réponses
Votre historique - résultats
Vous n’avez pas pris ce quiz